LEADER 01040nam a2200265 i 4500 001 000000169939 003 CaOOAMICUS 005 20080306000000.0 008 080306s1979 sp u000 u cat u 013 $a147344 020 $a84-85049-63-2 040 $aSeMil$bita 100 1 $aBota Totxo, Miquel.$0(OLS)http://semarc/name/63643 245 10$aTorxes de pau /$cPoesies de Miquel Bota Totxo ; diibuixos d' Aligi Sassu. 260 $aEspanya :$bCort,$c1979. 300 $a209 p. :$bill. ;$c19 cm. 500 $aA pič del front. : Dedica autografa dell'Autore. - Fondo Card. Giovanni Colombo. 700 1 $aSassu, Aligi$b<1912-2000>.$0(OLS)http://semarc/name/18350 850 $aSeMil 852 $aSeMil$W1$xVenegono$y1$m1T I 45$j235777$B120843$CSeMilBibl$Z2$F132399 $81 941 1 $a3 961 $aLascito: Colombo Card. Giovanni 996 $6020$a84-85049-63-2$9(OLS)http://semarc/number/156875 996 $6245$aTorxes de pau$9(OLS)http://semarc/title/243023 996 $6260$aEspanya :$bCort$9(OLS)http://semarc/publisher/48901 LEADER 00972nas a2200241 i 4500 001 000000215977 003 CaOOAMICUS 005 20130212000000.0 008 120926b2012 it uu u0 0ita r 013 $a194852 040 $aSeMil$bita 245 10$a[2012]. 260 $aVenezia :$bMarcianum Press,$c2012. 300 $a584 p. :$bnotazione musicale ;$c24 cm. 500 $aIn Sommari = Abstracts [sezioni] : Sintesi degli articoli in italiano e in inglese. 773 0 $tMarcianum.$dVenezia : Marcianum Press, 2005-2015.$x1825-991X$w()18434 774 0 $t[SENZA TITOLO]. - Contiene.$z978-88-6512-115-3$w()277850 774 0 $t[SENZA TITOLO]. - Contiene.$z978-88-6512-165-8$w()278393 850 $aSeMil 852 $aSeMil$W1$xVenegono$y1$m141 4 8$j166397$B166397$CSeMilBibl$Z2$F179806 $85 961 $aCambio: Scuola Cattolica 996 $6245$a[2012]$9(OLS)http://semarc/title/298776 996 $6260$aVenezia :$bMarcianum Press$9(OLS)http://semarc/publisher/31536